ERA47 - Statystyki

Ogólne statystyki
  • Ten quiz został rozwiązany 6 razy
  • Średni wynik to 15 z 20
Statystyki odpowiedzi
Odpowiedź % Poprawnych
AGENT47
100%
DOM
100%
JEREMY SOCHAN
100%
JESTEŚMY ZA MŁODZI
100%
KAUCJA
100%
OD ZERA
100%
OK OK OK
100%
PUK PUK PUK
100%
WRAK
100%
SEROTONINA
67%
WODA SODOWA
67%
ILE LAT?
67%
JEŚLI CHCIAŁBYŚ TO MOŻESZ WPAŚĆ
67%
NA ZAWSZE MAŁOLAT
67%
NIEWOLNIK
67%
QUAD STUDIO FREESTYLE
67%
SPRZEDAŁEM SIĘ
67%
CERTIFIED LOVER
33%
JEREMY SOCHAN SKIT
33%
ŻYCIE TO ZA MAŁO
33%
Nie znaleziono quizów pasujących do podanych kryteriów
Rozkład punktacji
Procent ludzi z każdym wynikiem
Percentyl według liczby udzielonych odpowiedzi
Twoja historia wyników
Nie rozwiązałeś tego quizu